000 00642nam a2200205 a 4500
001 000027360
005 20240401203610.0
008 110331s1982 dr 000 0bspa d
040 _aDO-SdBNP
_bspa
_cBNPHU
082 _a923.57293
_bL965M
100 1 _aMartínez, Rufino
_938668
245 1 0 _aGregorio Luperón /
_cRufino Martínez.
260 _aSanto Domingo :
_bUniversidad CETEC;
_bEducativa dominicana,
_c1982.
300 _a61 p. ;
_c21 cm.
490 1 _aHistoria
_v2
590 _aInventariado, 2020/VM
600 1 0 _aLuperón, Gregorio,
_d1839-1897
_9888
830 0 _aHistoria ;
_v2
_92122
910 _aValidado. Control de calidad MFF
999 _c26852
_d26852